Σχεδιασμός και υλοποίηση κινητής τουριστικής ξενάγησης βασισμένης σε τεχνολογίες επαυξημένης πραγματικότητας : μεταπτυχιακή διατριβή

Αποθηκεύτηκε σε:
Λεπτομέρειες βιβλιογραφικής εγγραφής
Κύριος συγγραφέας: Κλείμος, Ευστράτιος
Συγγραφή απο Οργανισμό/Αρχή: Πανεπιστήμιο Αιγαίου. Σχολή Κοινωνικών Επιστημών. Τμήμα Πολιτισμικής Τεχνολογίας και Επικοινωνίας. Πρόγραμμα Μεταπτυχιακών Σπουδών Πολιτισμική Πληροφορική και Επικοινωνία
Μορφή: Thesis Βιβλίο
Γλώσσα:Greek
Δημοσίευση: 2013
Θέματα:
Διαθέσιμο Online:http://hdl.handle.net/11610/15986
Ετικέτες: Προσθήκη ετικέτας
Δεν υπάρχουν, Καταχωρήστε ετικέτα πρώτοι!

MARC

LEADER 00000cam a2200000 i 4500
001 1/55438
008 140910s2013 gre d
035 |l 10119007 
040 |a GR-MY-UA  |b gre  |e aacr 
041 0 |a gre 
082 0 |a 005  |2 (22) 
100 1 |a Κλείμος, Ευστράτιος. 
245 1 0 |a Σχεδιασμός και υλοποίηση κινητής τουριστικής ξενάγησης βασισμένης σε τεχνολογίες επαυξημένης πραγματικότητας :  |b μεταπτυχιακή διατριβή /  |c Κλείμος Ευστράτιος ; επιβλέπων καθηγητής: Γαβαλάς Δ. 
260 |c 2013 
300 |a 59 σ.;  |b εικ.;  |c 30 εκ. 
500 |a Βιβλιογραφία: σ. 55-59 
502 |a Διατριβή (μεταπτυχιακή) – Πανεπιστήμιο Αιγαίου, Λέσβος, 2013. 
630 0 0 |a Android (Electronic resource) 
650 0 0 |a Augmented reality. 
650 0 0 |a Virtual reality. 
650 0 0 |a Dissertations, Academic  |z Greece. 
700 1 |a Γαβαλάς, Δαμιανός,  |e dgs 
710 2 |a Πανεπιστήμιο Αιγαίου.   |b Σχολή Κοινωνικών Επιστημών.   |b Τμήμα Πολιτισμικής Τεχνολογίας και Επικοινωνίας.   |b Πρόγραμμα Μεταπτυχιακών Σπουδών Πολιτισμική Πληροφορική και Επικοινωνία. 
852 |a INST  |b LESVOS  |c DIATR  |e 20140910  |h 509  |p 005100055120  |q 005100055120  |t MTXE  |y 23 
852 |a INST  |b LESVOS  |c DIATR  |e 20140910  |h 510  |p 005100055121  |q 005100055121  |t MTXE  |y 23 
856 |u http://hdl.handle.net/11610/15986 
901 |a BIBL1-2014-3 
909 |a Λ  |b 190655 
909 |a Λ  |b 190656 
924 |a ΚΛΕΙΜΟΣ  |b ΕΥΣΤΡΑΤΙΟΣ  |y ΛΕΣΒΟΣ  |z 2013-06 
970 |a ΤΖΑΦΕΡΗ  |b ΕΥΑΓΓΕΛΙΑ  |z 2014/09/10